[Event "II Trofeo Giorgio Porreca"]
[Site "Napoli ITA"]
[Date "2012.09.20"]
[Round "1"]
[White "Auletta, Angelo"]
[Black "Borrelli, Salvatore"]
[WhiteElo "2190"]
[BlackElo "1937"]
[Result "1-0"]
[PlyCount "71"]
[EventDate "2012.09.20"]

1. e4 e6 2. d4 d5 3. Nd2 dxe4 4. Nxe4 Nd7 5. Nf3 Ngf6 6. Nxf6+ Nxf6 7. Bd3 Be7
8. O-O O-O 9. Bg5 h6 10. Bh4 b6 11. Bxf6 Bxf6 12. Be4 Rb8 13. Ne5 Bb7 14. Bxb7
Rxb7 15. Qf3 Qd5 16. Qxd5 exd5 17. Nc6 Re8 18. Rfe1 Kf8 19. a4 a6 20. b4 b5 21.
a5 Bg5 22. g3 f5 23. h4 Bf6 24. Kg2 Kf7 25. c3 Re6 26. Rxe6 Kxe6 27. Re1+ Kd6
28. Ne5 g5 29. hxg5 hxg5 30. Nd3 c6 31. Nc5 Re7 32. Rxe7 Bxe7 33. g4 fxg4 34.
Kg3 Kc7 35. Kxg4 Bd8 36. Ne6+ 1-0

[Event "II Trofeo Giorgio Porreca"]
[Site "Napoli ITA"]
[Date "2012.09.20"]
[Round "1"]
[White "Baltzopoulos, Giorgos"]
[Black "Messina, Enrico"]
[WhiteElo "1941"]
[BlackElo "2219"]
[Result "1-0"]
[PlyCount "103"]
[EventDate "2012.09.20"]

1. d4 Nf6 2. c4 c5 3. d5 b5 4. cxb5 a6 5. Nc3 g6 6. e4 d6 7. Nf3 Bg7 8. bxa6
O-O 9. Nd2 e6 10. Bb5 exd5 11. exd5 Nxa6 12. O-O Bb7 13. Nc4 Nc7 14. Bg5 Nxb5
15. Nxb5 Ra6 16. Re1 Qd7 17. Nc3 Qf5 18. Bxf6 Bxf6 19. Ne3 Qd7 20. Qf3 Bd4 21.
Nc4 Rfa8 22. a3 Kg7 23. Rad1 Re8 24. h3 Raa8 25. Nb6 Qd8 26. Nxa8 Qxa8 27. Rxe8
Qxe8 28. Qe4 Be5 29. f4 f5 30. Qe2 Bd4+ 31. Rxd4 Qxe2 32. Nxe2 cxd4 33. Nxd4
Bxd5 34. Nb5 Kf7 35. Nxd6+ Ke6 36. Nb5 Kd7 37. b4 Bc4 38. Nc3 h5 39. h4 Kc6 40.
Kf2 Kd6 41. Ke3 Bf1 42. g3 Bc4 43. Kd4 Bf1 44. a4 Bg2 45. b5 Bf1 46. a5 Bg2 47.
Kc4 Bf1+ 48. Kb4 Bg2 49. a6 Bf3 50. Ka5 Kc5 51. b6 Kc6 52. Nb5 1-0

[Event "II Trofeo Giorgio Porreca"]
[Site "Napoli ITA"]
[Date "2012.09.20"]
[Round "1"]
[White "Buonanno, Raffaele"]
[Black "Solombrino, Giovanni"]
[WhiteElo "1437"]
[BlackElo "1838"]
[Result "0-1"]
[PlyCount "58"]
[EventDate "2012.09.20"]

1. d4 Nf6 2. Bg5 Ne4 3. Nf3 d5 4. e3 Bg4 5. Be2 Bxf3 6. Bxf3 Nxg5 7. c3 c6 8.
Nd2 Nd7 9. Qb3 Nxf3+ 10. Nxf3 Qc7 11. a4 e6 12. c4 Qb6 13. Qxb6 Nxb6 14. cxd5
cxd5 15. O-O Bd6 16. Rab1 O-O 17. a5 Nd7 18. b4 Rac8 19. b5 Rc2 20. a6 bxa6 21.
bxa6 Rb8 22. Rbc1 Rbb2 23. Rcd1 Nf6 24. Ne5 Bxe5 25. dxe5 Ne4 26. Rd4 Nxf2 27.
h3 Ne4 28. Re1 Rxg2+ 29. Kf1 Rbf2# 0-1

[Event "II Trofeo Giorgio Porreca"]
[Site "Napoli ITA"]
[Date "2012.09.20"]
[Round "1"]
[White "Caiazzo, Diego"]
[Black "Farina, Walter"]
[WhiteElo "1845"]
[BlackElo "1639"]
[Result "0-1"]
[PlyCount "80"]
[EventDate "2012.09.20"]

1. e4 c5 2. b3 Nc6 3. Bb2 e6 4. Nf3 d6 5. g3 Nf6 6. d3 Be7 7. Bg2 Qc7 8. O-O
Bd7 9. Nbd2 e5 10. Nc4 h5 11. Ne3 O-O-O 12. Nf5 Bxf5 13. exf5 Nh7 14. Qd2 Qd7
15. Bh3 g5 16. fxg6 Qxh3 17. gxh7 Rxh7 18. Ng5 Bxg5 19. Qxg5 Rhh8 20. Qh4 Qxh4
21. gxh4 Rdg8+ 22. Kh1 Rg4 23. Rg1 Rxh4 24. Rg7 Rf4 25. Rg2 Nb4 26. Rag1 Kc7
27. Bc1 Rf3 28. Bd2 Nxc2 29. Rc1 Nd4 30. Be3 Nf5 31. Rc4 Nxe3 32. fxe3 Rxe3 33.
Rg7 Rxd3 34. Rxf7+ Kc6 35. Rc1 Rg8 36. Rf2 a5 37. Rcf1 Rg4 38. Re1 b5 39. Rc1
a4 40. bxa4 Rxa4 0-1

[Event "II Trofeo Giorgio Porreca"]
[Site "Napoli ITA"]
[Date "2012.09.20"]
[Round "1"]
[White "De Meo, Guido"]
[Black "Avolio, Giovanni"]
[WhiteElo "1816"]
[BlackElo "1899"]
[Result "0-1"]
[PlyCount "86"]
[EventDate "2012.09.20"]

1. d4 d6 2. c4 c5 3. Nf3 g6 4. Nc3 Nd7 5. g3 Bg7 6. Bg2 Ngf6 7. O-O O-O 8. e4
e5 9. dxe5 dxe5 10. Qe2 a6 11. Rd1 Qc7 12. h3 Nb6 13. Be3 Be6 14. b3 Rad8 15.
Nd5 Bxd5 16. exd5 Nc8 17. Bg5 Rde8 18. Rac1 Nd6 19. Nd2 e4 20. Bf4 Re7 21. b4
b6 22. Nb3 Nd7 23. Qd2 Ne5 24. bxc5 bxc5 25. Bxe5 Rxe5 26. Qe3 Rc8 27. g4 Qb6
28. Qe1 Bh6 29. Rc2 e3 30. f3 Rce8 31. Qe2 Qb4 32. Bf1 f5 33. gxf5 Nxf5 34. Qe1
Qb6 35. Be2 Bf4 36. Na5 Bg3 37. Qc3 Nd4 38. Rb2 Qf6 39. Nb3 Rg5 40. Kh1 Qf4 41.
Qd3 Bf2 42. Rf1 Qg3 43. Rxf2 exf2 0-1

[Event "II Trofeo Giorgio Porreca"]
[Site "Napoli ITA"]
[Date "2012.09.20"]
[Round "1"]
[White "De Rosa, Francesco"]
[Black "Ambrosio, Giuseppe"]
[WhiteElo "1933"]
[BlackElo "2084"]
[Result "0-1"]
[PlyCount "88"]
[EventDate "2012.09.20"]

1. d4 Nf6 2. c4 g6 3. Nc3 d5 4. cxd5 Nxd5 5. Bd2 Bg7 6. Nf3 O-O 7. e4 Nxc3 8.
Bxc3 c6 9. Bd3 Bg4 10. Bc2 Nd7 11. h3 Bxf3 12. Qxf3 e5 13. Bb4 Re8 14. Bb3 Qf6
15. d5 c5 16. Bd2 b5 17. Qxf6 Nxf6 18. Bc2 Red8 19. Ke2 Ne8 20. Be3 Bf8 21. g4
c4 22. h4 a5 23. h5 b4 24. hxg6 fxg6 25. Ba4 Nd6 26. f3 Rab8 27. Bc6 Nb5 28.
Rhc1 c3 29. bxc3 Nxc3+ 30. Kf2 Bd6 31. Ba7 Rbc8 32. Kg2 Rf8 33. a3 Ne2 34. Rcb1
Nf4+ 35. Kg3 bxa3 36. Rb7 Bb4 37. Rh1 Rf7 38. Rxf7 Kxf7 39. Rxh7+ Kf6 40. Be3
a2 41. Bd7 Rc2 42. Bxf4 exf4+ 43. Kxf4 Bd6+ 44. Ke3 a1=Q 0-1

[Event "II Trofeo Giorgio Porreca"]
[Site "Napoli ITA"]
[Date "2012.09.20"]
[Round "1"]
[White "Di Gennaro, Antonio"]
[Black "Taurisano, Vincenzo"]
[WhiteElo "1666"]
[BlackElo "1852"]
[Result "1-0"]
[PlyCount "83"]
[EventDate "2012.09.20"]

1. e4 d6 2. d4 Nf6 3. Nc3 g6 4. Be3 Bg7 5. Qd2 O-O 6. f3 e5 7. O-O-O exd4 8.
Bxd4 Nc6 9. Be3 a5 10. g4 Be6 11. h4 a4 12. a3 Ne5 13. h5 Qe7 14. hxg6 fxg6 15.
Bg5 Qf7 16. Bh6 Rfd8 17. Bxg7 Qxg7 18. Nd5 Nxd5 19. exd5 Bd7 20. Be2 Rf8 21.
Rf1 g5 22. Qe1 Rf7 23. Nh3 Raf8 24. Qg3 h6 25. Rhg1 Ng6 26. Bd3 Nf4 27. Nxf4
Rxf4 28. c3 c5 29. Qh3 b5 30. Rh1 R8f6 31. Qh5 b4 32. axb4 cxb4 33. cxb4 Rxb4
34. Rh2 Rd4 35. Bf5 Bxf5 36. gxf5 Rxd5 37. Qe8+ Kh7 38. Qxa4 Rfxf5 39. Rfh1
Rc5+ 40. Kb1 Rf6 41. Qe4+ Qg6 42. Rxh6+ 1-0

[Event "II Trofeo Giorgio Porreca"]
[Site "Napoli ITA"]
[Date "2012.09.20"]
[Round "1"]
[White "Esposito, Rosario"]
[Black "Sparice, Lorenzo"]
[WhiteElo "1844"]
[BlackElo "1469"]
[Result "1/2-1/2"]
[PlyCount "118"]
[EventDate "2012.09.20"]

1. d4 Nf6 2. c4 e6 3. Nc3 b6 4. e4 Bb7 5. Qc2 d6 6. Bd3 e5 7. d5 a6 8. Nge2 Be7
9. Bd2 c5 10. h3 h6 11. g4 Nh7 12. Ng3 O-O 13. Nf5 Bg5 14. h4 Bxd2+ 15. Qxd2 g5
16. Nxh6+ Kg7 17. Nf5+ Kg8 18. O-O-O f6 19. f3 Bc8 20. Qh2 Bxf5 21. exf5 Rf7
22. Ne4 Raa7 23. hxg5 fxg5 24. Nxg5 Qxg5+ 25. Kb1 Nd7 26. Qf2 Ndf6 27. Rh2 Nf8
28. Rg1 Rh7 29. Rgh1 Rxh2 30. Rxh2 Rh7 31. Rxh7 N8xh7 32. Kc2 a5 33. Kb3 Nd7
34. Ka4 Qe7 35. Qe3 Qg5 36. Qe1 Qg7 37. Qh4 Qg5 38. Qe1 Qg7 39. Qe2 Qf6 40. Qe1
Qg7 41. Qe2 Ndf6 42. Ka3 Kf8 43. Qd1 Nd7 44. Qa4 Nhf6 45. Qc6 Ke7 46. Qa4 Qg5
47. Qc2 Qh6 48. Qe2 Qg5 49. Qe1 Nh7 50. Qe2 Nhf6 51. Qe1 Nh7 52. Qe2 Qh6 53.
Qe1 Qg7 54. Qh4+ Ndf6 55. Qe1 Nd7 56. Qe2 Kd8 57. Qe3 Qg5 58. Qe2 Qf6 59. Qh2
Nhf8 1/2-1/2

[Event "II Trofeo Giorgio Porreca"]
[Site "Napoli ITA"]
[Date "2012.09.20"]
[Round "1"]
[White "Gallo, Thomas Renato"]
[Black "Vannini, Aldo"]
[WhiteElo "1893"]
[BlackElo "1778"]
[Result "1-0"]
[PlyCount "46"]
[EventDate "2012.09.20"]

1. d4 e6 2. e4 d5 3. Nc3 dxe4 4. Nxe4 Bd7 5. Nf3 Bc6 6. Bd3 Nd7 7. O-O Be7 8.
Qe2 Ngf6 9. Neg5 Bxf3 10. Qxf3 c6 11. Re1 Qa5 12. c3 O-O 13. Bd2 h6 14. Nh3 Bd6
15. Nf4 Qc7 16. g3 e5 17. Nh5 Nxh5 18. Qxh5 Nf6 19. Qh4 Rfe8 20. Bxh6 exd4 21.
Bg5 Rxe1+ 22. Rxe1 Re8 23. Rxe8+ Nxe8 1-0

[Event "II Trofeo Giorgio Porreca"]
[Site "Napoli ITA"]
[Date "2012.09.20"]
[Round "1"]
[White "Gonzini, Gianmaria"]
[Black "Sgammato, Francesco"]
[WhiteElo "1874"]
[BlackElo "1715"]
[Result "0-1"]
[PlyCount "104"]
[EventDate "2012.09.20"]

1. Nf3 e6 2. b3 Nf6 3. Bb2 d5 4. e3 Be7 5. g4 Nc6 6. Bb5 Bd7 7. Bxc6 Bxc6 8. g5
Ne4 9. h4 O-O 10. d3 Nd6 11. Nbd2 b6 12. Rg1 Be8 13. h5 f6 14. h6 g6 15. Qe2 c5
16. O-O-O a5 17. gxf6 Bxf6 18. Ne5 Nf5 19. Qg4 Bxe5 20. Bxe5 Qh4 21. Qg2 a4 22.
Nf3 Qe7 23. e4 Nh4 24. Nxh4 Qxh4 25. Rh1 Qxf2 26. Qg5 d4 27. Kb1 a3 28. Bg7 Qf4
29. Qg2 Rf7 30. Rdf1 Qc7 31. Rxf7 Bxf7 32. Rf1 Ra7 33. Qg5 Ra8 34. Qf6 Ra7 35.
Bh8 Kf8 36. Qg7+ Ke8 37. Qxh7 b5 38. Qg7 Qa5 39. Kc1 Qc3 40. Kd1 Qa1+ 41. Ke2
Qxa2 42. Rxf7 Qxc2+ 43. Ke1 Qc1+ 44. Ke2 Qe3+ 45. Kd1 Qxd3+ 46. Kc1 Qc3+ 47.
Kd1 Qxb3+ 48. Ke2 Rxf7 49. Qxg6 Qe3+ 50. Kd1 Ke7 51. Bf6+ Rxf6 52. Qg7+ Rf7 0-1

[Event "II Trofeo Giorgio Porreca"]
[Site "Napoli ITA"]
[Date "2012.09.20"]
[Round "1"]
[White "Grasso, Nino"]
[Black "Di Meo, Antonio"]
[WhiteElo "2058"]
[BlackElo "1928"]
[Result "1-0"]
[PlyCount "79"]
[EventDate "2012.09.20"]

1. e4 c6 2. d4 d5 3. exd5 cxd5 4. c4 Nf6 5. Nc3 Nc6 6. Nf3 g6 7. Qb3 Na5 8.
Qb5+ Bd7 9. Qb4 e5 10. c5 Nc6 11. Qxb7 Rb8 12. Qa6 exd4 13. Qe2+ Qe7 14. Bg5
Rxb2 15. Qxe7+ Bxe7 16. Bxf6 Bxf6 17. Nxd5 Bg7 18. Bc4 O-O 19. O-O h6 20. Nf4
Kh7 21. Nd3 Rbb8 22. Rfe1 Na5 23. Bd5 Bc6 24. Be4 Rfe8 25. Nd2 Rbc8 26. h4 f5
27. Bxc6 Nxc6 28. Nc4 Rcd8 29. Nd6 Rxe1+ 30. Rxe1 Rd7 31. h5 Nd8 32. hxg6+ Kxg6
33. Nf4+ Kg5 34. g3 d3 35. Nxd3 Bd4 36. Re8 Bxc5 37. Nxc5 Rxd6 38. Rxd8 Rxd8
39. Ne6+ Kf6 40. Nxd8 1-0

[Event "II Trofeo Giorgio Porreca"]
[Site "Napoli ITA"]
[Date "2012.09.20"]
[Round "1"]
[White "Oliveri, Aldo"]
[Black "Colucci, Stefano"]
[WhiteElo "1689"]
[BlackElo "1871"]
[Result "0-1"]
[PlyCount "84"]
[EventDate "2012.09.20"]

1. d4 Nf6 2. g3 d5 3. Bg2 c6 4. Nf3 h6 5. O-O Bf5 6. Re1 e6 7. Bf4 Nbd7 8. Nbd2
Be7 9. a3 O-O 10. c4 Re8 11. b4 Bf8 12. c5 Ne4 13. Nxe4 Bxe4 14. Nd2 Bxg2 15.
Kxg2 e5 16. dxe5 Nxe5 17. Nf3 Nxf3 18. Kxf3 Re4 19. Qd3 Qd7 20. Kg2 Rae8 21. f3
R4e6 22. e4 Qe7 23. Bd6 Qg5 24. f4 dxe4 25. Rxe4 Qg6 26. Rd4 Re2+ 27. Kf1 Qg4
28. Be5 Rxh2 29. Kg1 Qh5 30. Rd1 Rh1+ 31. Kg2 Rh2+ 32. Kg1 f6 33. Qc4+ Kh8 34.
Rd8 Rh1+ 35. Kg2 Rxd1 36. Rxd1 Qxd1 37. Qf7 Qd5+ 38. Qxd5 cxd5 39. Bd4 Re2+ 40.
Kf3 Ra2 41. b5 Rc2 42. b6 a6 0-1

[Event "II Trofeo Giorgio Porreca"]
[Site "Napoli ITA"]
[Date "2012.09.20"]
[Round "1"]
[White "Rosato, Luciano"]
[Black "Cosenza, Gianni"]
[WhiteElo "2229"]
[BlackElo "1957"]
[Result "1-0"]
[PlyCount "73"]
[EventDate "2012.09.20"]

1. Nf3 d5 2. g3 g6 3. Bg2 Bg7 4. O-O e5 5. d3 Ne7 6. e4 d4 7. Nbd2 c5 8. Nc4
Nbc6 9. a4 a5 10. Nfd2 Be6 11. f4 exf4 12. gxf4 O-O 13. Na3 Qd7 14. Ndc4 Ra6
15. Bd2 f5 16. e5 Nd5 17. Qe2 Qe7 18. Nb5 Bh6 19. Rf3 Ncb4 20. c3 Nc6 21. Raf1
Rd8 22. Rh3 Bg7 23. Be1 Rd7 24. Bh4 Qf8 25. Nbd6 dxc3 26. bxc3 Nxc3 27. Qe1 Nd5
28. Bg5 Ndb4 29. Qf2 Nd4 30. Bxb7 Rxb7 31. Nxb7 Bd5 32. Nbd6 Qa8 33. Qh4 Bh1
34. Qxh7+ Kf8 35. Be7+ Kxe7 36. Qxg7+ Ke6 37. Qf7# 1-0

[Event "II Trofeo Giorgio Porreca"]
[Site "Napoli ITA"]
[Date "2012.09.20"]
[Round "1"]
[White "Schiappoli, Dario"]
[Black "Esposito, Luca"]
[WhiteElo "1960"]
[BlackElo "2256"]
[Result "0-1"]
[PlyCount "76"]
[EventDate "2012.09.20"]

1. e4 c5 2. Nf3 e6 3. d4 cxd4 4. Nxd4 Nc6 5. Be3 Nf6 6. Nc3 Bb4 7. Nxc6 bxc6 8.
a3 Bxc3+ 9. bxc3 Qa5 10. Qd4 e5 11. Qb4 Qxb4 12. cxb4 Nxe4 13. Bd3 Nf6 14. Bc5
e4 15. Be2 d5 16. O-O Be6 17. b5 Nd7 18. Bd6 c5 19. f4 f5 20. Rad1 h5 21. g3
Rc8 22. h3 Rh6 23. g4 hxg4 24. hxg4 Bf7 25. Be5 Nxe5 26. fxe5 fxg4 27. Rxf7
Kxf7 28. Rxd5 Ke7 29. Kg2 Rch8 30. Bxg4 Rg6 31. Kg3 Rh1 32. Kg2 Rh4 33. Rd7+
Ke8 34. Rxa7 Rgxg4+ 35. Kf2 Rh2+ 36. Ke3 Rh3+ 37. Ke2 Rg2+ 38. Kf1 Rxc2 0-1

[Event "II Trofeo Giorgio Porreca"]
[Site "Napoli ITA"]
[Date "2012.09.20"]
[Round "1"]
[White "Seletsky, Grigory"]
[Black "Ceglio, Fulvio"]
[WhiteElo "2348"]
[BlackElo "1996"]
[Result "1-0"]
[PlyCount "53"]
[EventDate "2012.09.20"]

1. e4 e6 2. d4 d5 3. Nd2 Nc6 4. Ngf3 Nf6 5. e5 Ne4 6. c3 f5 7. exf6 Nxf6 8. Ne5
Bd6 9. f4 Bd7 10. Bd3 Qe7 11. Bg6+ Kf8 12. Bd3 Be8 13. O-O g6 14. Ndf3 Kg7 15.
Be3 Rb8 16. Bf2 Bxe5 17. fxe5 Nd7 18. Bh4 Qf7 19. Ng5 Qg8 20. Qg4 Nd8 21. Rf3
h6 22. Nh3 Nc6 23. Nf4 Ncxe5 24. dxe5 Nxe5 25. Nh5+ Kh7 26. Nf6+ Kg7 27. Nxe8+
1-0

[Event "II Trofeo Giorgio Porreca"]
[Site "Napoli ITA"]
[Date "2012.09.20"]
[Round "1"]
[White "Somma, Andrea"]
[Black "Iodice, Vincenzo"]
[WhiteElo "1863"]
[BlackElo "1673"]
[Result "1-0"]
[PlyCount "87"]
[EventDate "2012.09.20"]

1. e4 e5 2. Nf3 Nc6 3. Bc4 Nf6 4. d3 Be7 5. O-O O-O 6. Re1 d6 7. c3 Kh8 8. d4
Bg4 9. d5 Na5 10. Bd3 b6 11. b4 Nb7 12. Ba6 Rb8 13. Nbd2 Qd7 14. a4 Ng8 15. Nf1
f5 16. Bd3 f4 17. Be2 Nf6 18. h3 Bxf3 19. Bxf3 Nd8 20. a5 b5 21. Qc2 Nf7 22.
Be2 Ng5 23. f3 Qe8 24. c4 Qg6 25. Kh1 bxc4 26. Qxc4 Rfc8 27. Ba3 Qh5 28. Qc2
Nd7 29. Ba6 Nxf3 30. Qe2 Rg8 31. Qxf3 Qh6 32. Rac1 Bd8 33. Nh2 Nf6 34. Ng4 Nxg4
35. Qxg4 g5 36. Be2 Qg6 37. Bf3 h6 38. Qh5 Qf6 39. Bg4 Rb7 40. Rc6 Kh7 41. Bf5+
Kh8 42. Qe2 Be7 43. a6 Rb6 44. Rxc7 1-0

[Event "II Trofeo Giorgio Porreca"]
[Site "Napoli ITA"]
[Date "2012.09.20"]
[Round "1"]
[White "Tesone, Crescenzo"]
[Black "Baccelliere, Antonio"]
[WhiteElo "1832"]
[BlackElo "1434"]
[Result "1-0"]
[PlyCount "97"]
[EventDate "2012.09.20"]

1. Nc3 e5 2. Nf3 Nc6 3. d4 exd4 4. Nxd4 Bc5 5. Nxc6 bxc6 6. Ne4 Qe7 7. Nxc5
Qxc5 8. e4 Qb4+ 9. c3 Qxe4+ 10. Qe2 Qxe2+ 11. Bxe2 Nf6 12. O-O O-O 13. Bf3 Re8
14. Bf4 Rb8 15. b3 Rb7 16. c4 d5 17. Rad1 Bg4 18. Bxg4 Nxg4 19. cxd5 cxd5 20.
Rxd5 Rc8 21. Rfd1 Kf8 22. Rd8+ Rxd8 23. Rxd8+ Ke7 24. Rc8 Kd7 25. Ra8 c5 26. h3
Nf6 27. Be3 Kc6 28. Rc8+ Rc7 29. Rxc7+ Kxc7 30. Bxc5 a6 31. f3 Nd5 32. Bd4 f6
33. a3 Kd6 34. g3 Ne7 35. Kf2 Nc6 36. Ke3 Nxd4 37. Kxd4 Kd7 38. b4 Kc6 39. a4
Kd6 40. f4 Ke6 41. g4 g6 42. h4 Kd6 43. f5 gxf5 44. gxf5 Kc6 45. h5 h6 46. b5+
axb5 47. axb5+ Kxb5 48. Kd5 Kb6 49. Ke6 1-0

[Event "II Trofeo Giorgio Porreca"]
[Site "Napoli ITA"]
[Date "2012.09.20"]
[Round "1"]
[White "Zinnai, Graziano Matteo"]
[Black "Lettieri, Giuseppe"]
[WhiteElo "2008"]
[BlackElo "2370"]
[Result "0-1"]
[PlyCount "106"]
[EventDate "2012.09.20"]

1. e4 e5 2. Nf3 Nc6 3. d3 Nf6 4. c3 d5 5. Nbd2 Bc5 6. b4 Bd6 7. Bb2 O-O 8. Be2
a5 9. a3 Ne7 10. O-O Ng6 11. Re1 c6 12. h3 Re8 13. Bf1 Qc7 14. Qc2 Be6 15. d4
dxe4 16. dxe5 Nxe5 17. Nxe5 Bxe5 18. Nxe4 Nxe4 19. Qxe4 Bxh3 20. f4 Qb6+ 21.
Kh1 Qf2 22. Re2 Bxg2+ 23. Bxg2 Qh4+ 24. Bh3 Qxh3+ 25. Rh2 Bxc3 26. Qxe8+ Rxe8
27. Rxh3 Bxb2 28. Ra2 Bc1 29. f5 Re5 30. Rd3 h5 31. Rf2 Bg5 32. Rd7 axb4 33.
axb4 Rb5 34. Re2 Rxb4 35. Re8+ Kh7 36. Rxf7 Bf6 37. Rb8 b5 38. Rb6 Rc4 39. Rf8
b4 40. Rc8 c5 41. Rb5 Kh6 42. Rcxc5 Rxc5 43. Rxc5 b3 44. Rb5 b2 45. Kg2 Kg5 46.
Kf3 h4 47. Kg2 Kf4 48. Kh3 Ke4 49. Kg4 Kd3 50. Rb7 Kc2 51. Rc7+ Bc3 52. Rb7 Be1
53. Rc7+ Kb3 0-1

[Event "II Trofeo Giorgio Porreca"]
[Site "Napoli ITA"]
[Date "2012.09.27"]
[Round "2"]
[White "Accardo, Francesco"]
[Black "Sgammato, Francesco"]
[WhiteElo "1844"]
[BlackElo "1715"]
[Result "1-0"]
[PlyCount "83"]
[EventDate "2012.09.20"]

1. b4 e5 2. b5 d6 3. c4 Nf6 4. Nc3 Be6 5. d3 h6 6. g3 Be7 7. Bg2 c6 8. a4 O-O
9. a5 d5 10. Qa4 Qc7 11. Bd2 Nbd7 12. Nf3 Nc5 13. Qa2 d4 14. Na4 Nfd7 15. bxc6
bxc6 16. Nb2 Rab8 17. O-O Na6 18. Ne1 Bb4 19. Nf3 c5 20. Nd1 Nf6 21. Bc1 Ne8
22. e4 Nd6 23. Qe2 Nb7 24. Nh4 Qd7 25. f4 Bg4 26. Qf2 Nxa5 27. fxe5 Nc7 28. Nf5
Ne6 29. Nb2 Nb3 30. Bxh6 Nxa1 31. Rxa1 Bc3 32. Bc1 a5 33. Ra2 Bxb2 34. Bxb2 a4
35. h3 Bd1 36. Ra1 Qb7 37. Bc1 Qb3 38. Ne7+ Kh8 39. Bf1 Qc2 40. Qf5 Be2 41. g4
Bxf1 42. Qh5# 1-0

[Event "II Trofeo Giorgio Porreca"]
[Site "Napoli ITA"]
[Date "2012.09.27"]
[Round "2"]
[White "Ambrosio, Giuseppe"]
[Black "Seletsky, Grigory"]
[WhiteElo "2084"]
[BlackElo "2348"]
[Result "0-1"]
[PlyCount "146"]
[EventDate "2012.09.20"]

1. d4 c5 2. d5 e5 3. c4 d6 4. e4 g6 5. Nc3 a6 6. Bd3 Nd7 7. Nf3 Bg7 8. O-O Ne7
9. Ne1 O-O 10. a3 f5 11. f3 f4 12. b4 g5 13. Na4 Qc7 14. Be2 b6 15. Nd3 Ng6 16.
bxc5 Nxc5 17. Ndxc5 bxc5 18. Bd2 Bd7 19. Rb1 Rfb8 20. Qc2 Rxb1 21. Rxb1 Rb8 22.
Rxb8+ Qxb8 23. Qb2 Qxb2 24. Nxb2 Ne7 25. Bd1 Kf7 26. Ba4 Ke8 27. Kf2 Bf6 28. h3
Nc8 29. Bxd7+ Kxd7 30. Na4 Bd8 31. Ke2 Ne7 32. Be1 Ng8 33. Nb2 h5 34. Nd3 Nf6
35. Nf2 Bc7 36. Bd2 Ng8 37. Be1 Nh6 38. Bd2 Nf7 39. Nd3 Ke7 40. Bc3 Nd8 41. Nc1
Kf6 42. Be1 Kg6 43. Bd2 Nf7 44. Nd3 Kf6 45. Be1 Bd8 46. Bd2 Kg7 47. Be1 Kg6 48.
Nf2 Bc7 49. Nd3 Bb6 50. Bd2 Kh7 51. Be1 Bd8 52. Nf2 Kg8 53. Nd3 Kf8 54. Nf2 Ke8
55. Nd3 Kd7 56. Bd2 g4 57. fxg4 hxg4 58. hxg4 Bh4 59. Be1 Bxe1 60. Kxe1 Ke7 61.
Ke2 Kf6 62. Nf2 Kg5 63. Kf3 Kh4 64. Nh3 Nd8 65. g5 Kh5 66. Ke2 Kg6 67. Kd3 Nf7
68. Ke2 Nxg5 69. Nf2 Kh5 70. Kd3 Kh4 71. Ke2 Kg3 72. Kf1 f3 73. gxf3 Kxf3 0-1

[Event "II Trofeo Giorgio Porreca"]
[Site "Napoli ITA"]
[Date "2012.09.27"]
[Round "2"]
[White "Avolio, Giovanni"]
[Black "Zinnai, Graziano Matteo"]
[WhiteElo "1899"]
[BlackElo "2008"]
[Result "0-1"]
[PlyCount "108"]
[EventDate "2012.09.20"]

1. c4 Nf6 2. Nc3 e6 3. e4 d5 4. cxd5 exd5 5. e5 Nfd7 6. d4 c5 7. Nf3 Nc6 8. Bb5
a6 9. Ba4 b5 10. Bc2 Bb7 11. O-O cxd4 12. Bg5 Be7 13. Bxe7 Nxe7 14. Qxd4 Qb6
15. Rfe1 Qxd4 16. Nxd4 Nc5 17. Rad1 Ne6 18. Nce2 Rc8 19. f4 g6 20. Bb1 Nc6 21.
Nf3 Rd8 22. Rd2 Ke7 23. Red1 Na5 24. b3 Rd7 25. Nfd4 Rhd8 26. Nxe6 Kxe6 27.
Nd4+ Ke7 28. Rc1 Rc8 29. Rxc8 Bxc8 30. Rc2 Kd8 31. Kf2 Rc7 32. Ke3 Bd7 33. Rxc7
Kxc7 34. Bd3 Kb6 35. Be2 b4 36. g4 Bc8 37. f5 Kc5 38. e6 fxe6 39. f6 Kd6 40. g5
e5 41. Nf3 Nc6 42. Ne1 a5 43. h4 d4+ 44. Ke4 Bf5+ 45. Kf3 Bb1 46. Bd3 Bxa2 47.
Bc4 a4 48. Bg8 Bxb3 49. Bxh7 a3 50. Bxg6 a2 51. Bc2 a1=Q 52. g6 Qxe1 53. Bxb3
Qe3+ 54. Kg4 Qxb3 0-1

[Event "II Trofeo Giorgio Porreca"]
[Site "Napoli ITA"]
[Date "2012.09.27"]
[Round "2"]
[White "Baccelliere, Antonio"]
[Black "De Meo, Guido"]
[WhiteElo "1434"]
[BlackElo "1816"]
[Result "1-0"]
[PlyCount "99"]
[EventDate "2012.09.20"]

1. e4 c5 2. Nf3 d6 3. d4 Bg4 4. dxc5 Qa5+ 5. Nc3 Qxc5 6. Be3 Qc8 7. h3 Bxf3 8.
Qxf3 Nf6 9. Be2 Nc6 10. Bb5 g6 11. Nd5 Bg7 12. c3 Qd8 13. Bg5 O-O 14. Nxf6+
exf6 15. Bf4 Ne5 16. Bxe5 fxe5 17. O-O Qb6 18. Bc4 Rad8 19. Bb3 Qc7 20. Rad1
Kh8 21. g4 Qe7 22. Rd5 a6 23. c4 f5 24. Rfd1 fxg4 25. Qxg4 Rf4 26. Qe2 Qg5+ 27.
Kh2 Qf6 28. R1d2 Bh6 29. Bd1 Rh4 30. R2d3 Rf4 31. Rd2 Bg5 32. c5 Rh4 33. R2d3
Bf4+ 34. Kg2 Qe6 35. Rxd6 Rxd6 36. cxd6 Qd7 37. Bb3 Bg5 38. Qf3 Rf4 39. Qe2 Rh4
40. Qc2 Bd8 41. Qc4 Kg7 42. Qg8+ Kh6 43. Be6 Qb5 44. Qxd8 Rxe4 45. Qf8+ Kg5 46.
Rg3+ Kh4 47. Qf6+ Kh5 48. Bg4+ Kh6 49. Qf8+ Kg5 50. Bd7+ 1-0

[Event "II Trofeo Giorgio Porreca"]
[Site "Napoli ITA"]
[Date "2012.09.27"]
[Round "2"]
[White "Baltzopoulos, Giorgos"]
[Black "Rosato, Luciano"]
[WhiteElo "1941"]
[BlackElo "2229"]
[Result "1-0"]
[PlyCount "103"]
[EventDate "2012.09.20"]

1. d4 d6 2. c4 e5 3. d5 f5 4. Nc3 Nf6 5. Nf3 Be7 6. g3 O-O 7. Bg2 a5 8. Nd2 Na6
9. Nb3 b6 10. O-O Nd7 11. Be3 Nac5 12. Nxc5 bxc5 13. Bd2 Bf6 14. e4 Nb6 15. b3
f4 16. a4 Bg5 17. Nb5 Rf7 18. Bf3 Bh3 19. Bg4 Bxf1 20. Kxf1 Kh8 21. Be6 Rf8 22.
Qg4 Qf6 23. Ra2 g6 24. h4 Bh6 25. Nxc7 Rab8 26. Nb5 Nc8 27. Kg2 f3+ 28. Kf1
Bxd2 29. Rxd2 h5 30. Qh3 g5 31. hxg5 Qxg5 32. Ke1 Kg7 33. Kd1 Rh8 34. Rd3 Rf8
35. Bf5 Ne7 36. Nxd6 Rb6 37. Nc8 Nxc8 38. Bxc8 Rb8 39. Bf5 Rf6 40. Rxf3 Rfb6
41. Kc2 Qh6 42. Be6 Qg6 43. Qh4 R6b7 44. Rf5 Rxb3 45. Rg5 Rb2+ 46. Kd1 Ra2 47.
Rxg6+ Kxg6 48. Bf5+ Kg7 49. Qg5+ Kf8 50. Qf6+ Kg8 51. Qg6+ Kf8 52. Qd6+ 1-0

[Event "II Trofeo Giorgio Porreca"]
[Site "Napoli ITA"]
[Date "2012.09.27"]
[Round "2"]
[White "Borrelli, Salvatore"]
[Black "De Rosa, Francesco"]
[WhiteElo "1937"]
[BlackElo "1933"]
[Result "0-1"]
[PlyCount "160"]
[EventDate "2012.09.20"]

1. d4 Nf6 2. Nf3 g6 3. Nc3 d5 4. Bf4 c6 5. e3 Bg7 6. Be2 Nbd7 7. Ne5 Nxe5 8.
Bxe5 b5 9. O-O O-O 10. Bf3 Be6 11. Ne2 Qd7 12. Nf4 Bg4 13. Bxg4 Nxg4 14. Bxg7
Kxg7 15. h3 Nf6 16. a4 bxa4 17. Nd3 Ne4 18. Nc5 Nxc5 19. dxc5 Rfb8 20. Rxa4 f6
21. b3 a5 22. Qa1 Qa7 23. Qa3 Rb5 24. c4 dxc4 25. Rxc4 Qb7 26. Rc3 Rd8 27. e4
Rd4 28. Re1 e5 29. Ree3 g5 30. Qc1 a4 31. Qa3 Qa7 32. f3 Rdb4 33. Kh2 Qa5 34.
Red3 Rxb3 35. Rxb3 axb3 36. Rxb3 Qxa3 37. Rxa3 Rxc5 38. Ra7+ Kg6 39. g4 Rc2+
40. Kg3 c5 41. h4 gxh4+ 42. Kxh4 h6 43. Rc7 c4 44. Rc8 c3 45. Rg8+ Kf7 46. Rc8
Rc1 47. Kg3 c2 48. Kg2 Kg7 49. Kh2 Rf1 50. Rxc2 Rxf3 51. Rc4 Kg6 52. Kg2 Rf4
53. Rc8 Rxg4+ 54. Kf3 Rf4+ 55. Ke3 Kh5 56. Rg8 Kh4 57. Rg1 h5 58. Rh1+ Kg5 59.
Rg1+ Rg4 60. Rf1 Rg3+ 61. Kf2 Kf4 62. Ke2+ Kxe4 63. Rxf6 h4 64. Kf2 Rg4 65. Rh6
Kf5 66. Rh5+ Kf4 67. Rh8 Ke4 68. Rh7 Rf4+ 69. Ke2 Kf5 70. Rh5+ Kf6 71. Rh8 Kg5
72. Rg8+ Kh5 73. Ke3 h3 74. Re8 Rf5 75. Rh8+ Kg4 76. Ke4 Rh5 77. Rg8+ Rg5 78.
Rh8 Kg3 79. Ra8 h2 80. Ra3+ Kh4 0-1